000 00863 a2200289 4500
003 CBULib
005 20240919103314.0
008 240111b |||||||| |||| 00| 0 eng d
020 _a9780124059351
040 _bEnglish
_cCBULib
_erda
041 _aeng
050 _aQA 901 Kun
100 _aKundu, Pijush K.
245 _aFluid mechanics
_c/ by Pijush K. Kundu; Ira M. Cohen; David R. Dowling and Gretar Tryggvason
250 _aSixth edition
260 _bElsevier,
_c2016
_aOxford :
300 _axxiii, 921 pages : illustrations
336 _2rdacontent
_aText |
_btxt
337 _2rdamedia
_aUnmediated |
_bn
338 _2rdacarrier
_aVolume
_bnc
650 0 _91586
_aFLUID MECHANICS
650 0 _91589
_aMECHANICS
700 _91590
_aCohen, Ira M
700 _91592
_aDowling, David R
700 _91593
_aTryggvason, Gretar
942 _2lcc
_c002
999 _c83946
_d83946